Statistics for USA geography A-Z #2

Click here to take the quiz!

General Stats

  • This quiz has been taken 607 times
  • The average score is 16 of 25

Answer Stats

HintAnswer% Correct
ASweet, sweet homeAlabama
97%
BRed SoxBoston
93%
KTopeka's the capitalKansas
92%
GLargest canyonGrand Canyon
90%
YIvy league schoolYale
86%
JCapital of MississippiJackson
85%
VGreen Mountain stateVermont
85%
P51st state?Puerto Rico
84%
NSilver stateNevada
82%
QA royal and city in NYQueen
82%
RN. Carolina's capitalRaleigh
81%
LCapital of ArkansasLittle Rock
79%
DHottest desert areaDeath Valley
75%
ELarge Texas cityEl Paso
70%
SThe AlamoSan Antonio
67%
CCapital of S. CarolinaColumbia
66%
Wlots of applesWashington
66%
FMajor Alaskan cityFairbanks
62%
MBull sharks in this lakeLake Michigan
61%
OLarge Indian PopulationOklahoma
58%
IFort DodgeIowa
38%
THighland RimTennessee
23%
HDeepest canyonHells Canyon
16%
UCity in MassachusettsUpton
2%
ZLarge area of shops in Kansas CityZona Rosa
2%

Score Distribution

Percentile by Number Answered

Percent of People with Each Score

Your Score History

You have not taken this quiz